MARC details
| 000 -CABECERA |
| campo de control de longitud fija |
01167nam a2200301 a 4500 |
| 001 - NÚMERO DE CONTROL |
| campo de control |
000011623 |
| 005 - FECHA Y HORA DE LA ÚLTIMA TRANSACCIÓN |
| campo de control |
20250730110631.0 |
| 008 - DATOS DE LONGITUD FIJA--INFORMACIÓN GENERAL |
| campo de control de longitud fija |
091021s1977 sp 001 0 spa d |
| 020 ## - NÚMERO INTERNACIONAL ESTÁNDAR DEL LIBRO |
| Número Internacional Estándar del Libro |
8434407159 |
| 040 ## - FUENTE DE LA CATALOGACIÓN |
| Centro catalogador/agencia de origen |
DO-SdBNP |
| Lengua de catalogación |
spa |
| Centro/agencia transcriptor |
BNPHU |
| 041 17 - CÓDIGO DE LENGUA |
| Código de lengua del texto/banda sonora o título independiente |
spa |
| Código de lengua original |
eng |
| Fuente del código |
Código de idioma MARC |
| 082 ## - NÚMERO DE LA CLASIFICACIÓN DECIMAL DEWEY |
| Número de clasificación |
571 |
| Número de documento/Ítem |
G662i , 1977 |
| 049 ## - FONDOS LOCALES (OCLC) |
| Fondos de biblioteca |
BNGR |
| 100 1# - ENTRADA PRINCIPAL--NOMBRE DE PERSONA |
| Nombre de persona |
Gordon Childe, Vere, |
| Fechas asociadas al nombre |
1892-1957 |
| 9 (RLIN) |
27508 |
| 240 12 - TÍTULO UNIFORME |
| Título uniforme |
A short introduction archaeology |
| Lenguaje de la obra |
Español |
| 245 10 - MENCIÓN DE TÍTULO |
| Título |
Introducción a la arqueología, / |
| Mención de responsabilidad, etc. |
Vere Gordon Childe ; traducción, María Eugenia Aubet ; prólogo, Juan Maluquer de Motes. |
| 250 ## - MENCIÓN DE EDICIÓN |
| Mención de edición |
3a ed. |
| 260 ## - PUBLICACIÓN, DISTRIBUCIÓN, ETC. |
| Lugar de publicación, distribución, etc. |
Barcelona : |
| Nombre del editor, distribuidor, etc. |
Ariel, |
| Fecha de publicación, distribución, etc. |
1977. |
| 300 ## - DESCRIPCIÓN FÍSICA |
| Extensión |
180, [10] p. : |
| Otras características físicas |
il. ; |
| Dimensiones |
18 cm. |
| 500 ## - NOTA GENERAL |
| Nota general |
Incluye glosario de palabras técnicas |
| 500 ## - NOTA GENERAL |
| Nota general |
Incluye listado de Obras publicadas por la Editorial Ariel |
| 534 ## - NOTA SOBRE LA VERSIÓN ORIGINAL |
| Frase introductoria |
Título original en inglés: |
| Mención de título del original |
A short introduction archaeology |
| Publicación, distribución, etc. del original |
Londres : Frederik Muller, 1956. |
| 650 #0 - PUNTO DE ACCESO ADICIONAL DE MATERIA--TÉRMINO DE MATERIA |
| Término de materia o nombre geográfico como elemento de entrada |
Arqueología |
| 9 (RLIN) |
3985 |
| 650 #0 - PUNTO DE ACCESO ADICIONAL DE MATERIA--TÉRMINO DE MATERIA |
| Término de materia o nombre geográfico como elemento de entrada |
Excavaciones arqueológicas |
| 9 (RLIN) |
18174 |
| 650 #4 - PUNTO DE ACCESO ADICIONAL DE MATERIA--TÉRMINO DE MATERIA |
| Término de materia o nombre geográfico como elemento de entrada |
Prehistoria |
| 9 (RLIN) |
27509 |
| 700 1# - PUNTO DE ACCESO ADICIONAL--NOMBRE DE PERSONA |
| Nombre de persona |
Aubet, María Eugenia, |
| Término indicativo de función/relación |
tr. |
| 9 (RLIN) |
27510 |
| 700 1# - PUNTO DE ACCESO ADICIONAL--NOMBRE DE PERSONA |
| Nombre de persona |
Maluquer de Motes, Juan, |
| Término indicativo de función/relación |
pról. |
| 9 (RLIN) |
27511 |